000 00304nam a2200121 i 4500
001 bg
245 0 _aII Konferencja Naukowo-Techniczna :
_bPolitechnika Lubelska dla gospodarki.
260 _aLublin,
_c1981.
040 _cBPK
041 _apol
942 _cKS
008 s pl f |000 0 pol
999 _c21017
_d21017
856 _uhttp://koha.tu.koszalin.pl/cgi-bin/koha/opac-detail.pl?biblionumber=21017
_yKatalog online BPK